| 000 | 00582nam a2200193 i 4500 | ||
|---|---|---|---|
| 001 | 81845 | ||
| 003 | ES-MaACL | ||
| 005 | 20230906174526.0 | ||
| 007 | t| | ||
| 008 | 041108s1977 sp |||| | spa d | ||
| 080 | _a94(460)"1936/39" | ||
| 100 | 1 |
_aIglesias, Ignacio. _965078 |
|
| 245 | 1 | 3 |
_aLa fase final de la guerra civil _b: (de la caída de Barcelona al derrumbamiento de Madrid). |
| 250 | _a1ª ed. | ||
| 260 |
_aBarcelona : _bPlaneta, _c1977. |
||
| 300 |
_a234 p. ; _c18 cm. |
||
| 651 | 4 |
_aEspaña- _xHistoria- _y1936-1939, Guerra civil. _98292 |
|
| 852 |
_aES-MaACL _jA-6817 |
||
| 999 |
_c81845 _d81845 |
||